000 01269cam a2200361 a 4500
001 12979925
003 OSt
005 20140310182223.0
008 021024s2003 nyu c 000 1 eng
010 _a 2002036849
020 _a9780316603959
040 _aDLC
_cDLC
_dDLC
_dDLC
042 _alcac
050 0 0 _aPZ7
_b.Sh52823Tr 2003
082 0 0 _aFIC
_bSh1c #5
100 1 _aShan, Darren.
_917437
245 1 0 _aTrials of death /
_cDarren Shan.
246 1 _iAt head of title:
_aCirque Du Freak
250 _a1st U.S. ed.
260 _aNew York :
_bLittle, Brown,
_c2001
300 _a207 p. ;
_c22 cm.
490 1 _aThe saga of Darren Shan ;
_vbk. 5
520 _a.
650 1 _aVampires.
_917524
650 1 _aHorror stories.
_93825
800 1 _aShan, Darren.
_tSaga of Darren Shan ;
_vbk. 5.
_917525
856 4 2 _3Contributor biographical information
_uhttp://www.loc.gov/catdir/enhancements/fy0742/2002036849-b.html
856 4 2 _3Publisher description
_uhttp://www.loc.gov/catdir/enhancements/fy0904/2002036849-d.html
906 _a7
_bcbc
_corignew
_d1
_eocip
_f20
_gy-gencatlg
942 _2lcc
_cBK-FIC
999 _c10743
_d10743